Music Quiz

Random Music or Lyrics Quiz

Things the Ramones Want Quiz Stats

Quiz Updated Nov 8, 2017

Challenge
Share
Tweet
Embed
Score 0/19 Timer 05:00
0 Plays Today
Partial Title Song % Correct
I Wanna BeSedated
84.6%
I Don't WantYou
50.1%
Do You WannaDance?
44.2%
Now I WannaSniff Some Glue
36.8%
I Wanna BeYour Boyfriend
32%
I WannaLive
25.5%
I Don't WannaGrow Up
20.1%
We WantThe Airwaves
19.8%
I Don't WannaGo Down To The Basement
19.8%
I Don't WannaWalk Around With You
18.9%
Partial Title Song % Correct
I Just Want ToHave Something To Do
16.9%
I WantedEverything
14.6%
I Wanna BeWell
13.8%
(Now) I Wanna BeA Good Boy
11.6%
I WantYou Around
10.3%
I Don't Wanna BeLearned / I Don't Wanna Be Tamed
7%
I Don't Want ToFight Tonight (Merry Christmas)
6.6%
I Don't Want ToLive This Life (Anymore)
4.8%
I Don't WannaGet Involved With You
2.4%

You're not logged in!

Compare scores with friends on all Sporcle quizzes.
Sign Up with Email
OR
Log In

You Might Also Like...

Show Comments

Extras

Top Quizzes Today


Score Distribution

Your Account Isn't Verified!

In order to create a playlist on Sporcle, you need to verify the email address you used during registration. Go to your Sporcle Settings to finish the process.